LIBRARY & INFORMATION CENTRE, KCAET, TAVANUR

ONLINE PUBLIC ACCESS CATALOGUE (OPAC)

Introduction to Computers and Information Processing / (Record no. 2982)

MARC details
000 -LEADER
fixed length control field 00385cam a2200145ua 4500
020 ## - INTERNATIONAL STANDARD BOOK NUMBER
ISBN 0471851531
082 ## - DEWEY DECIMAL CLASSIFICATION NUMBER
Classification number 001.64
Item number STE/IN
100 ## - MAIN ENTRY--AUTHOR NAME
Personal name Stern, Robert A .
245 ## - TITLE STATEMENT
Title Introduction to Computers and Information Processing /
250 ## - EDITION STATEMENT
Edition statement 2 /
260 ## - PUBLICATION, DISTRIBUTION, ETC. (IMPRINT)
Place of publication New York :
Name of publisher John Wiley & Sons ,
Year of publication 1985.
300 ## - PHYSICAL DESCRIPTION
Number of Pages 867 ; .
700 1# - ADDED ENTRY--PERSONAL NAME
Personal name Stern , Nanof .
942 ## - ADDED ENTRY ELEMENTS (KOHA)
Koha item type Reference
Holdings
Withdrawn status Lost status Damaged status Collection code Home library Current library Shelving location Date acquired Full call number Accession Number Koha item type
      Reference KAUAET KAUAET Reference 07/04/2012 001.64.STE/IN 19870 Books
free website counter